[Event "Internet Section 06A g/8'+2\""]
[Site "Dos Hermanas"]
[Date "2004.03.06"]
[Round "6"]
[White "Riri"]
[Black "Geel, Denys"]
[Result "0-1"]
[WhiteElo "2049"]
[BlackElo "2006"]
[PlyCount "88"]
[EventDate "2004.03.06"]
[EventType "swiss (blitz)"]
[EventRounds "9"]
[EventCountry "ESP"]
[SourceTitle "CBM 099 Extra"]
[Source "ChessBase"]
[SourceDate "2004.05.04"]
[SourceVersion "1"]
[SourceVersionDate "2004.05.04"]
[SourceQuality "1"]

1. d4 e6 2. Nf3 Nf6 3. Bf4 d5 4. h3 Bd6 5. e3 Bxf4 6. exf4 0-0 7. Bd3 Qd6 8. g3 c5 9. dxc5 Qxc5 10. 0-0 Nc6 11. a3 Re8 12. Ne5 d4 13. Nd2 Nxe5 14. fxe5 Qxe5 15. Nf3 Qh5 16. Kg2 e5 17. Ng1 Qh6 18. Qc1 Qxc1 19. Raxc1 e4 20. Be2 Be6 21. Rfd1 Red8 22. Rd2 Rd6 23. Rcd1 Rad8 24. g4 h6 25. Kg3 g5 26. h4 Kg7 27. hxg5 hxg5 28. Nh3 Kg6 29. f3 e3 30. Bd3+ Kh6 31. Rh2 Nd5 32. Rdh1 b6 33. Nf4+ Kg7 34. Rh7+ Kf6 35. R1h6+ Ke7 36. Ng6+ Kd7 37. Ne5+ Kc7 38. Nxf7 Bxf7 39. Rxf7+ R6d7 40. Rhh7 Rxf7 41. Rxf7+ Rd7 42. Rf5 Nf4 43. b4 Nxd3 44. cxd3 Re7 0-1